[Event "Delft Prinsenstad op-C"]
[Site "Delft"]
[Date "2009.01.02"]
[Round "1"]
[White "Kuijper, Hans"]
[Black "Sutrisno, Agus"]
[Result "1-0"]
[WhiteElo "1572"]
[BlackElo "1499"]
[PlyCount "39"]
[EventDate "2009.01.02"]
[EventType "swiss"]
[EventRounds "6"]
[EventCountry "NED"]
[SourceTitle "EXT 2011"]
[Source "ChessBase"]
[SourceDate "2010.11.26"]
[SourceVersion "1"]
[SourceVersionDate "2010.11.26"]
[SourceQuality "1"]

1. d4 Nf6 2. Nf3 d5 3. e3 e6 4. c4 b6 5. Be2 Bb7 6. 0-0 c5 7. Nc3 Bd6 8. cxd5 Nxd5 9. Nxd5 Bxd5 10. a3 0-0 11. dxc5 Bxc5 12. b4 Be7 13. Bb2 Nd7 14. Rc1 Rc8 15. Qd2 Rxc1 16. Rxc1 Qb8 17. e4 Bd6 18. exd5 Bf4 19. Qc3 Nf6 20. Rc2 1-0